La più grande città con queste caratteristiche (parte 1) - Statistics

Statistiche generali
  • Questo quiz è stato fatto 78 volte
  • Il punteggio medio è 6 su 17
Statistiche sulle risposte
CITTA' PIU' POPOLOSA/ DOVE... RISPOSTA % Corretto
In California Los Angeles
81%
In Scozia Glasgow
64%
Nel corno d'Africa Addis Abeba
48%
L'Islam è la religione più praticata Giacarta
46%
In America Latina Città del Messico
45%
In Vietnam Ho Chi Minh
35%
Che si affaccia sul Mar Caspio Baku
33%
Che è stato fondata originariamente dai Greci Istanbul
32%
Che sta in una nazione che non ha rapporti con gli USA Teheran
29%
Che si affaccia nel Mar Mediterraneo Alessandria
26%
Con il nome che termina in -burg Johannesburg
25%
Il Cristianesimo è la religione primaria Manila
25%
Con il francese come lingua ufficiale Kinshasa
20%
Che sta in una nazione non riconosciuta dall'ONU Taipei
19%
Nel Mare Arabico Mumbai/Bombai
17%
In Siberia Novosibirsk
17%
Sul fiume Mississippi Minneapolis
6%
Nessun quiz corrispondente trovato
Distribuzione punteggi
Percentuale di utenti per punteggio
Percentile per numero di risposta
I tuoi punteggi nel tempo
Non hai fatto questo quiz